00371nam a22001577a 4500003000700000005001700007008004100024082002200065100001100087245002200098250001100120260002800131300000800159490002900167650001700196MPLRDC20220104113702.0210129b ||||| |||| 00| 0 eng d a857.621 NK-20 v.3 a倪匡 a火海生死斗c a再版 ab环球出版社c1981 b平 a女黑侠木兰花故事 a科幻小说